Directory of conservation funding sources for developing countries (Record no. 60319)
[ view plain ]
| 000 -LEADER | |
|---|---|
| fixed length control field | 02084nam a2200409 a 4500 |
| 082 04 - DEWEY DECIMAL CLASSIFICATION NUMBER | |
| Classification number | 333.7079 |
| 100 1# - MAIN ENTRY--AUTHOR NAME | |
| Personal name | Owino, Alfred O. |
| 245 10 - TITLE STATEMENT | |
| Title | Directory of conservation funding sources for developing countries |
| 260 ## - PUBLICATION, DISTRIBUTION, ETC. (IMPRINT) | |
| Place of publication | New York : |
| Name of publisher | Nova Science Publishers, |
| Year of publication | c2009. |
| 300 ## - PHYSICAL DESCRIPTION | |
| Number of Pages | xviii, 189 p. |
| 490 1# - SERIES STATEMENT | |
| Series statement | Environmental science, engineering and technology series |
| 505 0# - FORMATTED CONTENTS NOTE | |
| Formatted contents note | section 1. Broader research, socio-economic and development programmes -- section 2. Education, training, fellowships and scholarships -- section 3. Ecological, environmental and conservation research -- section 4. General funding sources. |
| 650 #0 - SUBJECT ADDED ENTRY--TOPICAL TERM | |
| Topical Term | Environmental agencies |
| Topical Term | Conservation of natural resources |
| Topical Term | Environmental protection |
| Topical Term | Charitable uses, trusts, and foundations |
| 700 1# - ADDED ENTRY--PERSONAL NAME | |
| Personal name | Oyugi, Joseph O. |
| 856 40 - ELECTRONIC LOCATION AND ACCESS | |
| Uniform Resource Identifier | http://site.ebrary.com/lib/rucke/Doc?id=10680950 |
No items available.
